00583nam a2200169Ia 4500008004000000020001800040082001600058100003800074245004000112260002800152300001300180650002000193690001400213906001100227999001700238952015800255210210b1993 xxu||||| |||| 00| 0 eng d a0 14 015615 1 a520.92 WHIS aWHITE (Michael) & GRIBBIN (John). aStephen Hawking: a life in science. aNDbPenguin Booksc1993 aix,304,4 aStephen Hawking aBiography a050135 c98838d98838 001040708PhysicsaALbALcAstronomyd2021-02-17eAthree Book Centre, Mangalore-01.g95.00l0o520.92 WHISp050135r2021-02-17 00:00:00w2021-02-17yBK